[Event "Damhus-ch B"]
[Site "Rodovre"]
[Date "2010.10.12"]
[Round "6"]
[White "Tutundjan, Hovhannes"]
[Black "Bauers, Sten"]
[Result "0-1"]
[WhiteElo "1543"]
[BlackElo "1499"]
[PlyCount "64"]
[EventDate "2010.09.07"]
[EventType "tourn"]
[EventRounds "7"]
[EventCountry "DEN"]
[SourceTitle "EXT 2023"]
[Source "ChessBase"]
[SourceDate "2022.10.05"]
[SourceVersion "1"]
[SourceVersionDate "2022.10.05"]
[SourceQuality "1"]

1. d4 Nf6 2. c4 e5 3. dxe5 Ne4 4. g3 Bb4+ 5. Bd2 Nxd2 6. Nxd2 Nc6 7. f4 a5 8. a3 Bc5 9. Nb3 Ba7 10. Nf3 d6 11. Qd2 Bf5 12. exd6 cxd6 13. Rd1 Qb6 14. Nbd4 0-0 15. e3 Be4 16. Kf2 Rad8 17. Nxc6 bxc6 18. Qd4 Rfe8 19. Bg2 Qc7 20. Qd2 Bxf3 21. Kxf3 Rxe3+ 22. Kg4 Qd7+ 23. f5 g6 24. Rhf1 h5+ 25. Kg5 Qe7+ 26. Kh6 Re2 27. Qc3 Be3+ 28. Rf4 Bxf4+ 29. gxf4 f6 30. fxg6 Qg7+ 31. Kxh5 Rxg2 32. Qxa5 Qh8# 0-1

[Event "Damhus-ch B"]
[Site "Rodovre"]
[Date "2010.10.05"]
[Round "5"]
[White "Tutundjan, Hovhannes"]
[Black "Rohder, Bjarne"]
[Result "1-0"]
[WhiteElo "1543"]
[BlackElo "1496"]
[PlyCount "65"]
[EventDate "2010.09.07"]
[EventType "tourn"]
[EventRounds "7"]
[EventCountry "DEN"]
[SourceTitle "EXT 2023"]
[Source "ChessBase"]
[SourceDate "2022.10.05"]
[SourceVersion "1"]
[SourceVersionDate "2022.10.05"]
[SourceQuality "1"]

1. d4 d5 2. c4 c5 3. e3 Nf6 4. Nc3 Nc6 5. a3 e5 6. dxe5 Nxe5 7. cxd5 Nxd5 8. Qxd5 Qxd5 9. Nxd5 Bd6 10. f4 Nc6 11. Nf3 0-0 12. Bc4 Bf5 13. Kf2 Na5 14. Ba2 c4 15. Bd2 Nb3 16. Bxb3 cxb3 17. Nd4 Bc2 18. Bb4 Rfd8 19. Bxd6 Rxd6 20. Nc3 a6 21. Rac1 f6 22. Rhe1 g5 23. Nxc2 bxc2 24. Rxc2 Rc8 25. g3 a5 26. Ke2 b5 27. Rd2 Rxd2+ 28. Kxd2 b4 29. axb4 axb4 30. Ne4 Kg7 31. Rc1 Rd8+ 32. Ke2 gxf4 33. gxf4 1-0